Southville International School and Colleges
Your cart is empty.
  • Cart
  • Lists
    Public lists Eva Luna New books Lux_list list_1
    Your lists Log in to create your own lists
  • Log in to your account
  • Your cookies
  • Search history
Southville International School and Colleges
  • Advanced search
  • Recent comments
  • Most popular
  • Libraries

Log in to your account

Log in with GOOGLE


If you do not have an external account, but do have a local account, you can still log in:

  1. Home
  2. MARC view: The new medicine show :
Normal view MARC view ISBD view

The new medicine show : (Record no. 20067)

[ view plain ]
MARC details
000 -LEADER
fixed length control field 00729nam a2200217 a 4500
005 - DATE AND TIME OF LATEST TRANSACTION
control field 20140310183209.0
008 - FIXED-LENGTH DATA ELEMENTS--GENERAL INFORMATION
fixed length control field 030422s19uu xx 00 eng d
020 ## - INTERNATIONAL STANDARD BOOK NUMBER
International Standard Book Number 0890432376
050 ## - LIBRARY OF CONGRESS CALL NUMBER
Classification number RC 81
Item number .N525 1989
245 ## - TITLE STATEMENT
Title The new medicine show :
Remainder of title Consumers Union's new practical guide to some everyday health problems and health products /
Statement of responsibility, etc The Editors of Consumer Reports Books.
260 ## - PUBLICATION, DISTRIBUTION, ETC. (IMPRINT)
Place of publication, distribution, etc Mount Vernon, N.Y. :
Name of publisher, distributor, etc Consumers Union,
Date of publication, distribution, etc 1989.
300 ## - PHYSICAL DESCRIPTION
Extent 314 p. :
Dimensions 20 cm.
521 ## - TARGET AUDIENCE NOTE
Target audience note
650 ## - SUBJECT ADDED ENTRY--TOPICAL TERM
Topical term or geographic name as entry element Medicine, Popular.
650 ## - SUBJECT ADDED ENTRY--TOPICAL TERM
Topical term or geographic name as entry element Quacks and quackery.
650 ## - SUBJECT ADDED ENTRY--TOPICAL TERM
Topical term or geographic name as entry element Health products.
650 ## - SUBJECT ADDED ENTRY--TOPICAL TERM
Topical term or geographic name as entry element Consumer education.
650 ## - SUBJECT ADDED ENTRY--TOPICAL TERM
Topical term or geographic name as entry element Consumers Union of United States.
942 ## - ADDED ENTRY ELEMENTS (KOHA)
Koha item type Books
Source of classification or shelving scheme Library of Congress Classification
Call number prefix Foreign
Holdings
Withdrawn status Lost status Source of classification or shelving scheme Damaged status Home library Current library Shelving location Date acquired Source of acquisition Total Checkouts Full call number Barcode Date last seen Copy number Price effective from Koha item type
    Library of Congress Classification   Archives Archives   04/22/2003 Donation   RC 81 .N525 1989 C2025 05/15/2018 1 10/10/2013 Books

The new medicine show :

APA

(1989). The new medicine show. Mount Vernon, N.Y: Consumers Union.

Chicago

1989. The new medicine show. Mount Vernon, N.Y: Consumers Union.

Harvard

(1989). The new medicine show. Mount Vernon, N.Y: Consumers Union.

MLA

The new medicine show. Mount Vernon, N.Y: Consumers Union. 1989.

  • Place hold
  • Print
  • Cite
  • Add to your cart (remove)
  • Save record
    BIBTEX Dublin Core MARCXML MARC (non-Unicode/MARC-8) MARC (Unicode/UTF-8) MARC (Unicode/UTF-8, Standard) MODS (XML) RIS
  • More searches
    Search for this title in:
    Other Libraries (WorldCat) Other Databases (Google Scholar) Online Stores (Bookfinder.com) Open Library (openlibrary.org)

Exporting to Dublin Core...

SOUTHVILLE LIBRARY

Southville International School and Colleges Library

1281 Tropical Ave. Cor. Luxembourg St., BF Homes International, Las Pinas City

Tel. No. 8256374 / 252358 Loc. 117/146

Powered by Koha